000 00708nam a2200217Ia 4500
005 20241129111238.0
008 241129s9999||||xx |||||||||||||| ||und||
020 _a978-81-962068-0-2
037 _aTB
040 _aCRL
_beng
_cCRL
041 _aeng
_2eng
084 _aV2:71 R3
_qCRL
100 _aShrimali Krishna Mohan Au.
_9723795
245 0 _aHistory archaeology and ideology: essays on intellectual and social history of early India
_cShrimali Krishna Mohan Au.
260 _aNew Delhi, India
_bManohar Publisher & Distributor
_c2023
300 _axi,545p.
365 _aINR
_b2995
650 _aIndian HistoryArchaeology
_9726273
942 _cTB
_hV2:71 R3
999 _c1229556
_d1229556